Termická degradácia lignínov
Guardado en:
| Autor principal: | |
|---|---|
| Otros Autores: | |
| Formato: | Manuscrito Libro |
| Lenguaje: | eslovaco |
| Materias: | |
| Acceso en línea: | http://is.stuba.sk/zp/portal_zp.pl?podrobnosti=81810 |
| Etiquetas: |
Sin Etiquetas, Sea el primero en etiquetar este registro!
|
MARC
| LEADER | 00000ntm a22000003a 4500 | ||
|---|---|---|---|
| 001 | stuzp23123 | ||
| 003 | SK-STU | ||
| 005 | 20150617230329.9 | ||
| 007 | ta | ||
| 008 | 150427s2015----xo-----f-mn---000-0-slo-d | ||
| 040 | |a STU |b slo | ||
| 041 | 0 | |a slo | |
| 100 | 1 | |a Ház, Aleš, |d 1985- |u 049380 |4 aut |U FCHPT Ústav prírodných a syntetických polymérov |T FCHPT Oddelenie dreva, celulózy a papiera |X 22008 |U C9380 |Y 129 |7 A000022008 | |
| 242 | 0 | 1 | |a Thermal degradation of lignins |y eng |
| 245 | 1 | 0 | |a Termická degradácia lignínov |
| 650 | 4 | |a lignín |2 slo | |
| 650 | 4 | |a výluhy |2 slo | |
| 650 | 4 | |a termická analýza |2 slo | |
| 650 | 4 | |a pyrolýza |2 slo | |
| 650 | 4 | |a produkty |2 slo | |
| 650 | 4 | |a GC-MS analýza |2 slo | |
| 650 | 4 | |a lignin |2 eng | |
| 650 | 4 | |a liquors |2 eng | |
| 650 | 4 | |a thermal analysis |2 eng | |
| 650 | 4 | |a pyrolysis |2 eng | |
| 650 | 4 | |a GC-MS analysis |2 eng | |
| 650 | 4 | |a products |2 eng | |
| 700 | 1 | |a Šurina, Igor, |d 1953- |4 ths |X 3329 |7 A000003329 | |
| 856 | 4 | |u http://is.stuba.sk/zp/portal_zp.pl?podrobnosti=81810 | |
| SQL | |a stuzp23123 |b DDZ |c SLO |d Termická degradácia lignínov |e 22008 |f Ház, Aleš |g 049380 |h 3329 |i Šurina, Igor |j 20140820 |k 146 |l 04 |m http://is.stuba.sk/zp/portal_zp.pl?podrobnosti=81810 | ||